000 00462nam a2200181Ia 4500
005 20250117024745.0
008 240331s9999 xx 000 0 und d
020 _a9789550249121
082 _bSTR
_a920
245 0 _aStrong Women in Sri Lanka
260 _aNugegoda
_bMinistry of child Development and Women's Affairs
_c2012
300 _a191 p .,
650 _aSociety
650 _aSocial
650 _aWomen Roles
700 _aMCDWA.
_eedt
942 _cL
999 _c5784
_d5784